| 000 | 00520nam a2200181Ia 4500 | ||
|---|---|---|---|
| 008 | 151202s9999||||xx |||||||||||||| ||und|| | ||
| 082 | _bPNVM-80721 | ||
| 100 | _aजोशी स्नेहलता. | ||
| 245 | _aउमज. | ||
| 260 | _bके.एस. पब्लिकेशन पुणे. | ||
| 260 | _c2012 | ||
| 300 | _a212 | ||
| 600 | _aजोशी स्नेहलता. | ||
| 630 | _aउमज. | ||
| 700 | _aजोशी स्नेहलता. | ||
| 730 | _aउमज. | ||
| 942 | _cBOOK | ||
| 999 |
_c1345329 _d1345326 |
||